000 00950nam a22002177a 4500
003 OSt
005 20260311082948.0
008 260311b |||||||| |||| 00| 0 eng d
020 _a978-0-448-43698-2
040 _aDWCL GS lib
_cOC
082 _aD621p 2008
100 _aDixon Franklin W.
245 _aThe Pentagon Spy
_cFranklin W. Dixon
260 _aCanada
_bFranklin W. Dixon
_c1980
300 _a182 p.
_billustrations
_c19cm
520 _aFrank and Joe Hardy as they investigate the theft of antique weather vanes in Pennsylvania. Simultaneously, their father, Fenton Hardy, searches for a missing Navy employee and a top-secret document stolen from the Pentagon
650 _anavigating high-stakes risks to gain access to classified information, sometimes while being monitored themselves
650 _aoften referred to in the context of "spying" or whistleblowing on the Pentagon
700 _aFranklin W. Dixon
942 _2ddc
_cFIC.
_n0
999 _c8966
_d8966